| 000 | 00000nas##2200000za#4500 |
| 001 | 9.504418 |
| 003 | CaOODSP |
| 005 | 20240209132402 |
| 007 | cr ||||||||||| |
| 008 | 150406c2000||||xxc|| m o||||f| |0eng|d |
| 040 | |aCaOODSP|beng |
| 043 | |an-cn--- |
| 086 | 1 |aC89-4/85E-PDF |
| 110 | 2 |aAtlantic Canada Opportunities Agency. |
| 245 | 10|aMaritime series. Monographs / |h[electronic resource]|cPublished by the Canadian Institute for Research on Regional Development. |
| 260 | |aMoncton - New Brunswick : |bAtlantic Canada Opportunities Agency |c[2000]--. |
| 310 | |aIrregular |
| 775 | 08|tCollection Maritimes. Monographies / |w(CaOODSP)9.500839 |
| 776 | 0#|tMaritime series. Monographs / |w(CaOODSP)9.515662 |